[Event "Air Force ch"]
[Site "?"]
[Date "1987.??.??"]
[Round "1"]
[White "Moore, B."]
[Black "Lank, J."]
[Result "1-0"]
[WhiteElo "2275"]
[BlackElo "2140"]
[PlyCount "155"]
[EventDate "1987.??.??"]

1. e4 c5 2. d4 cxd4 3. c3 dxc3 4. Nxc3 Nc6 5. Nf3 d6 6. Bc4 e6 7. O-O Nf6 8.
Qe2 Be7 9. Rd1 Qa5 10. Bf4 e5 11. Be3 O-O 12. a3 a6 13. b4 Qc7 14. Rac1 Qb8 15.
Bb3 Bd8 16. h3 h6 17. Qd3 Bc7 18. g4 Be6 19. Nd5 Bxd5 20. Bxd5 Ne7 21. Ba2 b5
22. g5 hxg5 23. Bxg5 Ng6 24. Nh4 Nxh4 25. Bxh4 Bd8 26. Bxf6 Bxf6 27. Qxd6 Qxd6
28. Rxd6 Ra7 29. Bd5 a5 30. Rb6 axb4 31. axb4 Be7 32. Rxb5 Ra4 33. Rb1 g6 34.
Rb7 Bf6 35. b5 Kg7 36. Rc1 Bd8 37. b6 Rb4 38. Rc6 Rb1+ 39. Kg2 Rb2 40. Kg3 Rb4
41. f3 Rb2 42. f4 exf4+ 43. Kxf4 Kh6 44. Kf3 Bh4 45. e5 Kg5 46. Rd7 Ra8 47.
Bxf7 Ra3+ 48. Ke4 Re2+ 49. Kd5 Rd3+ 50. Ke6 Rde3 51. Rd5 Bg3 52. Rcc5 Rb3 53.
Rb5 Reb2 54. Rxb3 Rxb3 55. Kd7 Rxb6 56. e6+ Kf6 57. Rd3 Rb7+ 58. Kc6 Rc7+ 59.
Kb6 Be5 60. Rf3+ Kg7 61. Rf1 Re7 62. Kc6 Bf6 63. Rb1 Rxf7 64. exf7 Kxf7 65. Kd7
g5 66. Rf1 Kg6 67. Ke6 Bd4 68. Rd1 Bb2 69. Rb1 Bc3 70. Rb3 Bd4 71. Rb8 Kg7 72.
Kf5 Be3 73. Rb7+ Kf8 74. Kf6 Kg8 75. Rd7 Bc1 76. Rg7+ Kh8 77. Kg6 Bf4 78. Re7
1-0

[Event "Air Force ch"]
[Site "?"]
[Date "1988.??.??"]
[Round "10"]
[White "Hood, A."]
[Black "Echaure, S."]
[Result "1-0"]
[WhiteElo "2065"]
[BlackElo "2075"]
[PlyCount "157"]
[EventDate "1988.??.??"]

1. e4 c5 2. Nf3 e6 3. Nc3 a6 4. d4 cxd4 5. Nxd4 Qc7 6. Qf3 Nf6 7. Bd2 Nc6 8.
Nxc6 bxc6 9. Bd3 Be7 10. O-O-O d6 11. g4 Nd7 12. Qg3 Bb7 13. f4 c5 14. Rhe1 Rc8
15. g5 c4 16. Bf1 Nb6 17. Be3 O-O 18. f5 Rfe8 19. f6 Bf8 20. Bf4 e5 21. Be3 Kh8
22. Bh3 Rcd8 23. fxg7+ Bxg7 24. Bf5 Nd7 25. Qh3 Nf8 26. Rg1 Ng6 27. Qh5 Rg8 28.
Rg3 Bf8 29. Rh3 Rg7 30. Qg4 Be7 31. Rh6 Rdg8 32. h4 Nf8 33. Qe2 Ng6 34. Qd2 Rb8
35. Rg1 Rbg8 36. Ne2 Bc6 37. Ng3 Rb8 38. Nh5 Rgg8 39. Nf6 Rg7 40. h5 Nf8 41. c3
Qb7 42. Qg2 a5 43. Nxh7 Nxh7 44. Bxh7 a4 45. Bf5+ Kg8 46. g6 Bf6 47. gxf7+ Qxf7
$2 48. Rg6 Kh8 49. Rxg7 Qxg7 50. Qxg7+ Bxg7 51. a3 Rf8 52. Rd1 Rxf5 53. exf5
Bf8 54. Bg5 Kh7 55. Rf1 Be8 56. Kd2 Bf7 57. Ke3 d5 58. Kf2 Bc5+ 59. Kg3 Bd6 60.
Kg4 e4 61. Bf4 Be7 62. Be5 Kh6 63. Rh1 Bc5 64. Bf4+ Kh7 65. Kg5 Be7+ 66. f6 Bc5
67. Kf5 Ba7 68. Rh3 Bc5 69. Rg3 Bf8 70. Be3 Kh8 71. Ke5 Kh7 72. Rh3 Kh8 73. Bb6
Kh7 74. Bd8 Bh6 75. Bb6 Bf8 76. h6 Bg8 77. Rg3 Bf7 78. Be3 Kh8 79. h7 1-0

[Event "1991 Armed Forces Ch"]
[Site "?"]
[Date "1991.??.??"]
[Round "11"]
[White "Barcarola, L."]
[Black "Felsen, A."]
[Result "1/2-1/2"]
[WhiteElo "2160"]
[BlackElo "1975"]
[PlyCount "161"]
[EventDate "1991.??.??"]

1. d4 d5 2. Nf3 Nf6 3. c4 dxc4 4. Qa4+ Nc6 5. Qxc4 Bg4 6. e3 e6 7. Be2 Be7 8.
O-O O-O 9. Nc3 Nd5 10. a3 Bf6 11. Ne4 Be7 12. Rd1 Bf5 13. Ng3 Nb6 14. Qa2 Bc2
15. Rd2 Bg6 16. b4 Bf6 17. Qb3 Qd5 18. Qxd5 exd5 19. Bd3 Bxd3 20. Rxd3 Rfe8 21.
Nh5 Be7 22. Rc3 Bd6 23. g3 Nc4 24. Nf4 Ne7 25. Nxd5 Nxd5 26. Rxc4 Re7 27. Bd2
Rae8 28. Rd1 Nf6 29. Bc1 Nd5 30. Bb2 c6 31. Rcc1 f6 32. Nd2 f5 33. Nf3 Nf6 34.
Ne5 Ne4 35. Kg2 Nf6 36. Rc2 Kf8 37. Nc4 Bb8 38. Na5 Nd5 39. Rd3 Bd6 40. Rc1 Kg8
41. Nc4 Bb8 42. Nd2 Bd6 43. h4 g6 44. Kf1 Kf7 45. Nb1 Bb8 46. Nc3 Nb6 47. Rcd1
Nc4 48. Bc1 Rd7 49. Kg2 Red8 50. Na4 b5 51. Nb2 Nd6 52. f3 Ne8 53. Rc3 Rc8 54.
Nd3 Rd5 55. Nf4 Bxf4 56. gxf4 Nd6 57. Bd2 Nc4 58. Be1 Re8 59. Bf2 Rd7 60. Re1
Rde7 61. a4 a6 62. axb5 axb5 63. Ra1 Nxe3+ 64. Bxe3 Rxe3 65. Ra7+ R8e7 66.
Rxe7+ Rxe7 67. Rxc6 Re2+ 68. Kg3 Rb2 69. Rc7+ Ke6 70. Rxh7 Rxb4 71. Rg7 Kf6 72.
Rb7 Rb1 73. Rb6+ Kf7 74. d5 b4 75. d6 Ke6 76. Kg2 b3 77. d7+ Kxd7 78. Rxg6 Kc7
79. Rg7+ Kc6 80. Rg8 Kc7 81. Rg7+ 1/2-1/2